| 000 | 00645nam a22002052 4500 | ||
|---|---|---|---|
| 001 | 0000006932 | ||
| 005 | 20151217152018.0 | ||
| 008 | 071027s xx 000 0 eng d | ||
| 020 |
_a085111525x : _cKES 590 |
||
| 040 |
_aKABU _cKABU |
||
| 100 | 1 |
_aBruce, F. F. _@0000157914 |
|
| 245 | 1 | 4 |
_aThe New Testament documents : _bare they reliable? / _cF . F. Bruce. |
| 250 | _a6th ed. | ||
| 260 |
_aDowners Grove, ILL. : _bInterVarsity Press, _c1981. |
||
| 300 | _axiv, 135 p. | ||
| 650 | 0 |
_aBible. N. T. _xCriticism, interpretation, etc. _@0000157915 |
|
| 908 | _a071027 | ||
| 950 | _@1 | ||
| 999 |
_c7312 _d7312 |
||